000 00422nab a2200145Ia 4500
003 ES-SlBCS
005 20210601131735.0
008 140529s1956 xxu||||| |||| 00| 0 fre d
041 _afre
100 1 _aSohier, Albert
_955631
245 0 0 _aLe régime concentrationnaire en Chine populaire
_c Albert Sohier
651 4 _aChina
_992038
773 0 _tVie Intelectuelle (La)
_gnº. 6, 1956, págs. 36-39
_wRev907
942 _cAR
999 _c567993
_d567993